| 000 | 00379nam a2200145Ia 4500 | ||
|---|---|---|---|
| 008 | 240624s9999 xx 000 0 und d | ||
| 041 | _aeng | ||
| 082 | _a658.3 BUD | ||
| 100 | _aBUDHWAR PAWAN | ||
| 245 | _aINTERNATIONAL HUMAN RESOURCE MANAGEMENT | ||
| 260 |
_c2009 _aLos Angeles _bSage Publications |
||
| 300 | _axxxv, : 393 : p. : cm. ; 24 | ||
| 365 |
_cBPS _b25 |
||
| 440 | _v1 | ||
| 999 |
_c15641 _d15641 |
||